| 000 | 00727nam a22002055i 4500 | ||
|---|---|---|---|
| 001 | 177607 | ||
| 003 | ES-MaACL | ||
| 005 | 20230906220355.0 | ||
| 008 | 110406s1970 sp |||| | spa d | ||
| 080 | _a347.27(460) | ||
| 100 | 1 |
_aRuiz Sánchez, José Luis. _9146003 |
|
| 245 | 1 | 0 |
_aDel proceso en el artículo 41 de la ley hipotecaria / _cpor José Luis Ruiz Sánchez. |
| 260 |
_aMadrid : _bMontecorvo, _c1970. |
||
| 300 |
_a277 p. ; _c25 cm. |
||
| 490 | 1 |
_aMonografías. Colección de estudios jurídicos ; _v28 |
|
| 650 | 0 | 4 |
_aEjecución hipotecaria- _zEspaña. _9146006 |
| 830 | 0 |
_aMonografías. Colección de estudios jurídicos ; _v28 _9190484 |
|
| 852 |
_aES-MaACL _jE-14811 _xOlim P-860-bis |
||
| 999 |
_c177607 _d177607 |
||